Szavazni kell!

Podrobná bibliografia
Hlavný autor: Molnár, Norbert (Autor)
Médium: Článok
Jazyk:maďarčina
Predmet:

MARC

LEADER 00000nab a2200000 ar4500
001 vtls008954348
003 SK-MaSNL
005 20260303070318.0
008 060628c20060617xo |||||||| 000 b|hun
015 |a SNBRB2006/06  |2 snkbucl 
038 |a SNKBUCL 
040 |a DSZK  |b slo  |c DSZK  |e AACR2 
041 0 |a hun 
044 |a xo  |c SK 
080 |a 821.511.141 (437.6)-9=511.141  |2 1997 
100 1 |a Molnár, Norbert  |4 aut  |9 676376 
245 1 0 |a Szavazni kell!  |c Molnár Norbert 
650 0 7 |a publicistické glosy, maďarské  |2 snkbucl  |9 73730 
773 0 |t Új szó  |g Évf. 59, sz. 139 (17.6.2006), o. 7 
852 |a SNK  |b KIS3GCP 
852 |a DSZK  |b KIS3GCP 
958 |a HU 
958 |a SK 
958 |a LX 
999 |c 1754832  |d 1756762